Gorkha : (Record no. 77089)

MARC details
000 -LEADER
fixed length control field 00589nam a22001937a 4500
005 - DATE AND TIME OF LATEST TRANSACTION
control field 20131009151554.0
010 ## - LCCN (DPL NO)
LC control number ENG-107799
020 ## - INTERNATIONAL STANDARD BOOK NUMBER
International Standard Book Number 9788192679013
Terms of availability 350.00
035 ## - SYSTEM CONTROL NUMBER
System control number EN-91332
037 ## - SOURCE OF ACQUISITION
Source of stock number/acquisition DBAD/PUB
082 ## - DEWEY DECIMAL CLASSIFICATION NUMBER
Classification number 305.800954
100 ## - MAIN ENTRY--PERSONAL NAME
Personal name Thapa, C.S.
245 ## - TITLE STATEMENT
Title Gorkha :
Statement of responsibility, etc by C.S. Thapa
Remainder of title in search of identity /
260 ## - PUBLICATION, DISTRIBUTION, ETC. (IMPRINT)
Place of publication, distribution, etc New Delhi
Name of publisher, distributor, etc LiFi Publications
Date of publication, distribution, etc 2013
270 ## - ADDRESS
Address 211, 2nd Floor, Gagandeep 12, Rajendra Place
City New Delhi
Postal code 110008
300 ## - PHYSICAL DESCRIPTION
Extent 134p. :
Dimensions 22cm(Hb)
Other physical details ill.,map
650 ## - SUBJECT ADDED ENTRY--TOPICAL TERM
Topical term or geographic name as entry element Gurkhas
Geographic subdivision GIndia
942 ## - ADDED ENTRY ELEMENTS (KOHA)
Source of classification or shelving scheme Dewey Decimal Classification
Item type English Books
Call number suffix THA
Classification part 305.800954
Holdings
Withdrawn status Lost status Not for loan Collection code Home library Current library Date acquired Source of acquisition Cost, normal purchase price Full call number Barcode Copy number Cost, replacement price Koha item type
    Not For Loan Non-fiction D.B.Act.Division D.B.Act.Division 01/07/2013 DBAD/PUB 350.00 305.800954 THA EN-91332 1 350.00 English Books

© Delhi Public Library
Hit Counter
free hit counter